Les différents ERP/MES - Statistiques

Statistiques générales
  • Ce quiz a été pris 5 fois
  • Le résultat moyen est 6 sur 13
Statistiques - réponses
Par images Réponse % Correct
SAP
100%
Aquiweb
50%
Coox
50%
Innova
50%
Kerhis
50%
Sage X3
50%
VIF (Tactile)
50%
WonderWare
50%
Cegid
25%
Dynamics 365
25%
Oracle
25%
Sydel Univers (SU)
25%
Odoo
0%
Aucun quiz correspondant
Distribution des résultats
% des personnes avec chaque résultat
Percentile par nombre de réponses
Votre historique - résultats
Vous n’avez pas pris ce quiz